Dopasuj flagę do miasta na prawach powiatu - Statystyki

Ogólne statystyki
  • Ten quiz został rozwiązany 47 razy
  • Średni wynik to 20 z 63
Statystyki odpowiedzi
Hint Odpowiedź % Poprawnych
Łódź
71%
Gdańsk
69%
Warszawa
69%
Kielce
66%
Katowice
63%
Szczecin
63%
Gdynia
51%
Koszalin, Kraków, Legnica
51%
Gliwice
49%
Bydgoszcz
46%
Poznań
46%
Radom
46%
Rzeszów
46%
Toruń
46%
Sopot
43%
Jastrzębie-Zdrój
40%
Jelenia Góra
40%
Przemyśl
40%
Słupsk
40%
Bielsko-Biała
37%
Rybnik
37%
Świnoujście
37%
Tarnów
37%
Białystok
34%
Elbląg
34%
Tarnobrzeg
34%
Mysłowice
29%
Zielona Góra
29%
Biała Podlaska
26%
Bytom
26%
Gorzów Wielkopolski
26%
Ostrołęka, Siemianowice Śląskie
26%
Chełm
23%
Dąbrowa Górnicza
23%
Konin
23%
Lublin
23%
Opole
23%
Siedlce
23%
Sosnowiec
23%
Włocławek
23%
Wrocław
23%
Częstochowa
20%
Nowy Sącz
20%
Olsztyn
20%
Piekary Śląskie
20%
Płock
20%
Ruda Śląska
20%
Chorzów
17%
Kalisz
17%
Krosno
17%
Łomża
17%
Piotrków Trybunalski
17%
Suwałki
17%
Świętochłowice
17%
Tychy
17%
Wałbrzych
17%
Zabrze
17%
Zamość
17%
Grudziądz
14%
Jaworzno
14%
Skierniewice
14%
Żory
14%
Leszno
11%
Nie znaleziono quizów pasujących do podanych kryteriów
Rozkład punktacji
Procent ludzi z każdym wynikiem
Percentyl według liczby udzielonych odpowiedzi
Twoja historia wyników
Nie rozwiązałeś tego quizu